000 00412nam a2200133Ia 4500
005 20210429153914.0
008 210429s9999 xx 000 0 und d
082 _aMTL-MB FR/IH 2011
100 _aFazal Ur Rahman
_954766
245 _aPreparation And Dielectric Properties Of Copper Based Nano -Ferrites
260 _aNUST (SCME)
_bDr Bilal Khan and Mohammad Mujahid
_c2011
300 _a77P
942 _2ddc
_cREF
999 _c561112
_d561112